La formación del mundo moderno (Record no. 169670)

MARC details
000 -LEADER
fixed length control field 00773nam a22002177a 4500
005 - DATE AND TIME OF LATEST TRANSACTION
control field 20240212134837.0
008 - FIXED-LENGTH DATA ELEMENTS--GENERAL INFORMATION
fixed length control field 240212b mx ||||| |||| 00| 0 spa d
020 ## - INTERNATIONAL STANDARD BOOK NUMBER
International Standard Book Number 8474232597
050 04 - LIBRARY OF CONGRESS CALL NUMBER
Classification number D202.8
Item number T36 1985
100 1# - MAIN ENTRY--PERSONAL NAME
Personal name Tenenti, Alberto
240 13 - UNIFORM TITLE
Uniform title La formazione del mondo moderno, XIV-XVIII secolo.
Language of a work Español
245 13 - TITLE STATEMENT
Title La formación del mundo moderno
Remainder of title : siglos XIV-XVII
Statement of responsibility, etc / Alberto Tenenti ; traducción castellana de Pedro Roque Ferrer
250 ## - EDITION STATEMENT
Edition statement 1a ed.
260 ## - PUBLICATION, DISTRIBUTION, ETC. (IMPRINT)
Place of publication, distribution, etc Barcelona :
Name of publisher, distributor, etc Editorial Crítica,
Date of publication, distribution, etc 1985
300 ## - PHYSICAL DESCRIPTION
Extent 471 paginas :
Other physical details ilustraciones, mapas ;
Dimensions 20 cm.
440 ## - SERIES STATEMENT/ADDED ENTRY--TITLE
Title
490 0# - SERIES STATEMENT
Series statement Historia ;
Volume number/sequential designation 34
651 #7 - SUBJECT ADDED ENTRY--GEOGRAPHIC NAME
Source of heading or term lemb
Geographic name Europa
General subdivision Historia
Chronological subdivision Siglos XIV-XVII
700 1# - ADDED ENTRY--PERSONAL NAME
Personal name Roqué Ferrer, Pedro,
Relator term traductor
942 ## - ADDED ENTRY ELEMENTS (KOHA)
Source of classification or shelving scheme Biblioteca del Cogreso de los Estados Unidos
Koha item type Libro
Holdings
Estado de pérdida Fuente de clasificación Estado del daño No para préstamo Ubicación permanente Ubicación actual Apartado o colección Fecha de adquisición Fuente de adquisición Edición Dependencia de educación superior (DES) Área del conocimiento Total Checkouts Clasificación Código de Barras Date last seen Número de copia Costo por reposición Tipo de recurso
  Biblioteca del Cogreso de los Estados Unidos     Biblioteca del Instituto de Investigaciones Históricas Biblioteca del Instituto de Investigaciones Históricas General 12/02/2024 Donación 1a ed. Humanidades Ciencias Sociales y Administrativas   D202.8 T36 1985 IIH000036013 12/02/2024 1 1.00 Libro